| 000 | 01817cam a2200481 c 4500 | ||
|---|---|---|---|
| 001 | 1931822395 | ||
| 003 | DE-627 | ||
| 005 | 20250930112059.0 | ||
| 007 | cr uuu---uuuuu | ||
| 008 | 250725s2023 xx |||||o 00| ||ger c | ||
| 020 |
_a9783842089563 _cEPUB |
||
| 024 | 7 |
_aurn:nbn:de:gbv:18-epflicht-5914 _2urn |
|
| 035 | _a(DE-627)1931822395 | ||
| 035 | _a(DE-599)KEP117291137 | ||
| 035 | _a(EPFHH)403084fc-5df7-4935-9393-dfaaacf4f043 | ||
| 035 | _a(EPFHH-TOKYOPOP)1040462622_9783842089563 | ||
| 035 | _a(DE-627-1)117291137 | ||
| 040 |
_aDE-627 _bger _cDE-627 _erda |
||
| 041 |
_ager _hjpn |
||
| 072 | 7 |
_a9182 _2wsb |
|
| 082 | 0 | 4 |
_a741.5 _qDE-576 |
| 245 | 0 | 0 |
_aCall of the Night, Band 04 _cKotoyama |
| 264 | 1 |
_aHamburg _bTOKYOPOP Verlag _c2023 |
|
| 300 | _a1 Online-Ressource (192 S.) | ||
| 336 |
_aText _btxt _2rdacontent |
||
| 337 |
_aComputermedien _bc _2rdamedia |
||
| 338 |
_aOnline-Ressource _bcr _2rdacarrier |
||
| 490 | 0 |
_aCall of the Night _v4 |
|
| 520 | _aMidori überredet Nazuna, in ihrem Maid-Café auszuhelfen. Doch dann tauchen Fotos auf, die ein Spanner heimlich dort geschossen hat. Kou entschließt sich, die Identität des Täters aufzudecken und beginnt mit Nazunas Hilfe, die Angelegenheit zu untersuchen. | ||
| 583 | 1 |
_aArchivierung/Langzeitarchivierung gewährleistet _fPEHH _kDE-576 _2pdager _5DE-18 |
|
| 650 | 4 | _aMystery | |
| 650 | 4 | _aRomance | |
| 650 | 4 | _aSlice of Life | |
| 650 | 4 | _aSupernatural | |
| 650 | 4 | _aVampire | |
| 700 | 0 |
_aKotoyama _eVerfasserIn _4aut |
|
| 776 | 1 | _z9783842082588 | |
| 776 | 1 | _z9783842082588 | |
| 776 | 0 | 8 |
_iErscheint auch als _nDruck-Ausgabe _z9783842082588 |
| 856 | 4 | 0 |
_uhttps://nbn-resolving.org/urn:nbn:de:gbv:18-epflicht-5914 _mX:EPF _qapplication/epub+zip _zlizenzpflichtig |
| 942 |
_2ddc _cMGA _n0 |
||
| 951 | _aBO | ||
| 999 |
_c1360 _d1360 |
||